Portugalsko. Sprievodca Trendu.
Všeobecné informácie o Portugalsku. Portugalská ekonomika a zahraničný obchod v r. 1992 - globálne výsledky, portugalsko-československé hospodárske styky v r. 1992, dovoz vývoz. Hospodársky výhľad krajiny na r. 1993 (hospodársky rozvoj, investície zo zahraničia, bankovníctvo).
Enregistré dans:
| Auteur principal: | |
|---|---|
| Format: | Chapitre de livre |
| Langue: | slovaque |
| Sujets: | |
| Tags: |
Pas de tags, Soyez le premier à ajouter un tag!
|
MARC
| LEADER | 00000naa a2200000 4500 | ||
|---|---|---|---|
| 001 | r012829 | ||
| 005 | 20221214064922.3 | ||
| 041 | 0 | |a slo | |
| 044 | |a SK | ||
| 245 | 1 | 0 | |a Portugalsko. |b Sprievodca Trendu. |c P. Kosnáč |
| 520 | |a Všeobecné informácie o Portugalsku. Portugalská ekonomika a zahraničný obchod v r. 1992 - globálne výsledky, portugalsko-československé hospodárske styky v r. 1992, dovoz vývoz. Hospodársky výhľad krajiny na r. 1993 (hospodársky rozvoj, investície zo zahraničia, bankovníctvo). | ||
| 610 | 2 | 0 | |a Portugalsko |
| 610 | 2 | 0 | |a situácia hospodárska |
| 610 | 2 | 0 | |a obchod zahraničný |
| 610 | 2 | 0 | |a 1992 |
| 610 | 2 | 0 | |a 1993 |
| 610 | 2 | 0 | |a Čechy |
| 610 | 2 | 0 | |a Slovensko |
| 610 | 2 | 0 | |a ČSFR |
| 610 | 2 | 0 | |a údaje štatistické |
| 100 | 1 | |a Kosnáč, P. | |